00461nam a22001577a 4500010001500000020002600015035001400041037001300055082001600068100001900084245006200103260003600165270005400201300002900255500001900284 aENG-120654 c450.00a9789381113936 aEN-104186 bDBAD/PUB a345.5402323 aNarayana, P.S. aThe Prevention of corrupition act 1988 /cby P.S.Narayana aHyderabadbAsia Law Housec2012 aOpp.I.O.B. Bank Street, Kothi,bHyderabade500001 axxxii,440p. b24cm(pbk). aIncludes index